Traidores a todos /

A lawyer who has spent time in prison with Duca is found drowned in one of the Milanese canals. Duca is contacted by a friend of the dead lawyer to perform surgery on a woman who after the operation confesses that although she is due to marry a wealthy butcher, is really in love with another man, th...

Ful tanımlama

Kaydedildi:
Detaylı Bibliyografya
Yazar: Scerbanenco, Giorgio, 1911-1969 (Yazar)
Müşterek Yazar: Akal Editor (Çevirmen)
Diğer Yazarlar: Weller, Cuqui (Çevirmen)
Materyal Türü: Elektronik Ekitap
Dil:İspanyolca
İtalyanca
Baskı/Yayın Bilgisi: Tres Cantos, Madrid, España : Ediciones Akal, S.A., [2009]
Seri Bilgileri:Akal bolsillo ; 196.
Akal bolsillo. Serie Negra.
Konular:
Online Erişim:Digitalia Hispánica
Etiketler: Etiketle
Etiket eklenmemiş, İlk siz ekleyin!

MARC

LEADER 00000nam a2200000Ii 4500
001 DIGAKAL0306
003 NyNyDIG
008 170110s2009 sp o 000 f spa d
006 m o d
007 cr |||||||||||
035 |a (OCoLC)968140325 
040 |a DGITA  |b eng  |e rda  |e pn  |c DGITA 
020 |a 9788446036180  |q (eBook ;  |q ePub) 
020 |a 8446036185  |q (eBook ;  |q ePub) 
020 |z 9788446028451 
020 |z 844602845X 
041 0 |a spa  |h ita 
050 1 4 |a PQ4841.C4 ebook 
082 0 4 |a 853.914  |a FIC 
100 1 |a Scerbanenco, Giorgio,  |d 1911-1969,  |e author. 
240 1 0 |a Traditori di tutti.  |l Spanish  |s (Akal Editor) 
245 1 0 |a Traidores a todos /  |c Giorgio Scebarnenco ; traducción, Equipo editorial con la colaboración de Cuqui Weller. 
264 1 |a Tres Cantos, Madrid, España :  |b Ediciones Akal, S.A.,  |c [2009] 
300 |a 1 online resource. 
336 |a text  |b txt  |2 rdacontent 
337 |a computer  |b c  |2 rdamedia 
338 |a online resource  |b cr  |2 rdacarrier 
490 1 |a Akal/Básica de bolsillo ;  |v 196.  |a Serie Negra 
520 |a A lawyer who has spent time in prison with Duca is found drowned in one of the Milanese canals. Duca is contacted by a friend of the dead lawyer to perform surgery on a woman who after the operation confesses that although she is due to marry a wealthy butcher, is really in love with another man, the friend of the lawyer. Shortly afterwards, she is killed together with her lover. Duca discovers that the two events are linked and starts to unravel an arms and drugs trafficking business, centered in an understated trattoria, of which the two were part. 
588 0 |a Online resource; title from ePub title page (Digitalia, viewed January 11, 2017) 
650 0 |a Murder  |v Fiction. 
650 0 |a Betrayal  |v Fiction. 
655 7 |a Noir fiction.  |2 lcgft 
655 7 |a Detective and mystery fiction.  |2 lcgft 
655 0 |a Electronic books. 
700 1 |a Weller, Cuqui,  |e translator. 
700 1 |i Translation of:  |a Scerbanenco, Giorgio,  |d 1911-1969.  |t Traditori di tutti. 
710 2 |a Akal Editor,  |e translator. 
791 2 |a Digitalia (Firm),  |e distributor. 
793 0 |g Digitalia eBook Collection:  |a Akal 
776 0 8 |i Print version:  |a Scerbanenco, Giorgio, 1911-1969.  |s Traditori di tutti. Spanish (Akal Editor)  |t Traidores a todos.  |d Madrid : Akal, 2009  |z 9788446028451 
830 0 |a Akal bolsillo ;  |v 196. 
830 0 |a Akal bolsillo.  |p Serie Negra. 
856 4 0 |3 Digitalia Hispánica  |u https://digitalia.unach.elogim.com/a/27943/ 
910 |a Premium collection: 2019